Click the Louisiana Purchase States Quiz Stats

 Plays Quiz Updated Jul 13, 2017

Support Sporcle.
Go Orange.
Score 0/15 Timer 03:00
9 Plays Today
% Correct
KS
97.4%
NE
96.9%
AR
95.6%
OK
95.4%
LA
95.1%
MO
94.9%
SD
94.4%
IA
91.7%
% Correct
CO
90.9%
WY
89.7%
ND
89.6%
MN
83.3%
MT
80.2%
TX
66.4%
NM
55.1%

You're not logged in!

Compare scores with friends on all Sporcle quizzes.
OR
Log In
Forgot?

From the Vault

Bands Missing A to Z

by babymonkee

Clearly, not everyone knows their ABCs.
Remove Ads.
Support Sporcle.
Get the best of Sporcle when you Go Orange. This ad-free experience offers more features, more stats, and more fun while also helping to support Sporcle. Thank you for becoming a member.

Show Comments

Extras

Top Quizzes Today


Score Distribution

Your Account Isn't Verified!

In order to create a playlist on Sporcle, you need to verify the email address you used during registration. Go to your Sporcle Settings to finish the process.

Report this User

Report this user for behavior that violates our Community Guidelines.

Details: